عرض عادي
عرض مارك
- اللحيدان، عبد الله بن إبراهيم
مدخل إسم شخص
001 - رقم الضبط
- حقل الضبط: 64858
003 - معرف رقم الضبط
- حقل الضبط: OSt
005 - تاريخ ووقت أخر عملية
- حقل الضبط: 20180912105623.0
008 - عناصر بيانات ثابتة الطول
- حقل تحكم ثابت الطول: 180912|| aca||aabn | a|a d
040 ## - مصدر الفهرسة
- هيئة الفهرسة الأصلية: OSt
- وكالة الكتابة: OSt
100 ## - مدخل -- أسم شخص
- إسم شخص: اللحيدان، عبد الله بن إبراهيم
670 ## - بيانات المصدر موجوده
- الاستشهاد بالمصدر: Work cat.: (OSt)42755: اللحيدان، عبد الله بن إبراهيم, أدب الاجتماعات :, 2014
